000 00819nam a2200241Ia 4500
003 OSt
005 20220923212631.0
006 a|||||r|||| 00| 0
007 ta
008 220922b |||||||| |||| 00| 0 hin d
024 _a154,736
037 _cTextual
040 _aARTS
_cARTS
_bhin
041 _2hin
_ahin
082 _aO1520Y1:351:9, L3
100 _aशर्मा, श्रीराम
_9156279
245 0 _aलोक साहित्य
_b सिद्वान्त और प्रयोग
246 _aLok sāhitya: sidvānta aur prayoga
260 _aआगरा
_b विनोद पुस्तक मन्दिर
_c1973
300 _a305 पृ.
_ccm.
942 _hO1520Y1:351:9, L3
_cTEXL
_2CC
999 _c310358
_d310358